Market Volatility
Guardado en:
| Autor principal: | |
|---|---|
| Formato: | Libro |
| Lenguaje: | inglés |
| Publicado: |
Cambridge
The MIT Press
1993
|
| Edición: | 4. print. |
| Materias: | |
| Etiquetas: |
Sin Etiquetas, Sea el primero en etiquetar este registro!
|
MARC
| LEADER | 00000nam a2200000 4500 | ||
|---|---|---|---|
| 001 | c014790 | ||
| 005 | 20221214082426.1 | ||
| 020 | |a 0-262-69151-5 | ||
| 041 | 0 | |a eng | |
| 044 | |a US | ||
| 245 | 1 | 0 | |a Market Volatility |c Robert J. Shiller |
| 250 | |a 4. print. | ||
| 264 | 1 | |a Cambridge |b The MIT Press |c 1993 | |
| 300 | |a 464 s. | ||
| 610 | 2 | 0 | |a modely cenové |
| 610 | 2 | 0 | |a akcie |
| 610 | 2 | 0 | |a papiere cenné |
| 610 | 2 | 0 | |a trh finančný |
| 610 | 2 | 0 | |a trh kapitálový |
| 610 | 2 | 0 | |a majetok hmotný |
| 610 | 2 | 0 | |a ceny |
| 610 | 2 | 0 | |a burzy |
| 100 | 1 | |a Shiller, Robert J. | |